MARC details
| 000 -LEADER |
| fixed length control field |
01762cam a2200493 4500 |
| 001 - CONTROL NUMBER |
| control field |
21961 |
| 003 - CONTROL NUMBER IDENTIFIER |
| control field |
VRT |
| 005 - DATE AND TIME OF LATEST TRANSACTION |
| control field |
20260316114814.0 |
| 008 - FIXED-LENGTH DATA ELEMENTS--GENERAL INFORMATION |
| fixed length control field |
081209s2008 xo a br 000 j slo |
| 015 ## - NATIONAL BIBLIOGRAPHY NUMBER |
| National bibliography number |
SNBZSA2022/10 |
| 020 ## - INTERNATIONAL STANDARD BOOK NUMBER |
| International Standard Book Number |
9788025210956 |
| Qualifying information |
(viazané) |
| 039 #9 - LEVEL OF BIBLIOGRAPHIC CONTROL AND CODING DETAIL [OBSOLETE] |
| Level of rules in bibliographic description |
202210050917 |
| Level of effort used to assign nonsubject heading access points |
msnk167 |
| Level of effort used to assign subject headings |
202210050842 |
| Level of effort used to assign classification |
msnk167 |
| Level of effort used to assign subject headings |
202203171503 |
| Level of effort used to assign classification |
msnk03 |
| Level of effort used to assign subject headings |
200908270830 |
| Level of effort used to assign classification |
mbpksh03 |
| 040 ## - CATALOGING SOURCE |
| Original cataloging agency |
PPPK |
| Language of cataloging |
slo |
| Transcribing agency |
PPPK |
| Modifying agency |
SNK |
| Description conventions |
rda |
| 041 1# - LANGUAGE CODE |
| Language code of text/sound track or separate title |
slo |
| Language code of original |
[eng] |
| 044 ## - COUNTRY OF PUBLISHING/PRODUCING ENTITY CODE |
| MARC country code |
xo |
| ISO country code |
SK |
| 072 #7 - SUBJECT CATEGORY CODE |
| Subject category code |
821.111(73)-3 |
| Subject category code subdivision |
Americká próza |
| Source |
konspekt |
| 072 #7 - SUBJECT CATEGORY CODE |
| Subject category code |
821-93 |
| Subject category code subdivision |
Literatúra pre deti a mládež |
| Source |
konspekt |
| 080 ## - UNIVERSAL DECIMAL CLASSIFICATION NUMBER |
| Universal Decimal Classification number |
821.111(73)-34 |
| Edition identifier |
2011 |
| 080 ## - UNIVERSAL DECIMAL CLASSIFICATION NUMBER |
| Universal Decimal Classification number |
82-34:808.1 |
| Edition identifier |
2011 |
| 080 ## - UNIVERSAL DECIMAL CLASSIFICATION NUMBER |
| Universal Decimal Classification number |
82-93-053.4/.5 |
| Edition identifier |
2011 |
| 110 1# - MAIN ENTRY--CORPORATE NAME |
| Corporate name or jurisdiction name as entry element |
Disney |
| Subordinate unit |
víly |
| Relationship |
aut |
| 245 10 - TITLE STATEMENT |
| Title |
Cililing |
| Statement of responsibility, etc. |
Disney víly ; ilustrácie The Disney Storybook Artists ; preklad Jarmila Wankeová |
| 250 ## - EDITION STATEMENT |
| Edition statement |
1. vydanie |
| 264 #1 - PRODUCTION, PUBLICATION, DISTRIBUTION, MANUFACTURE, AND COPYRIGHT NOTICE |
| Place of production, publication, distribution, manufacture |
V Prahe |
| Name of producer, publisher, distributor, manufacturer |
Egmont ČR |
| Date of production, publication, distribution, manufacture, or copyright notice |
2008 |
| 300 ## - PHYSICAL DESCRIPTION |
| Extent |
64 strán |
| Other physical details |
ilustrácie |
| Dimensions |
28 cm |
| 336 ## - CONTENT TYPE |
| Content type term |
text |
| Content type code |
txt |
| Source |
rdacontent |
| 336 ## - CONTENT TYPE |
| Content type term |
statický obraz |
| Content type code |
sti |
| Source |
rdacontent |
| 337 ## - MEDIA TYPE |
| Media type term |
bez média |
| Media type code |
n |
| Source |
rdamedia |
| 338 ## - CARRIER TYPE |
| Carrier type term |
zväzok |
| Carrier type code |
nc |
| Source |
rdacarrier |
| 500 ## - GENERAL NOTE |
| General note |
Copyright Disney Enterprises |
| 500 ## - GENERAL NOTE |
| General note |
Preložené z angličtiny |
| 655 #7 - INDEX TERM--GENRE/FORM |
| Genre/form data or focus term |
americké rozprávky |
| Source of term |
SNKPH |
| 655 #7 - INDEX TERM--GENRE/FORM |
| Genre/form data or focus term |
autorské rozprávky |
| Source of term |
SNKPH |
| 655 #7 - INDEX TERM--GENRE/FORM |
| Genre/form data or focus term |
literatúra pre deti |
| Source of term |
SNKPH |
| 655 #7 - INDEX TERM--GENRE/FORM |
| Genre/form data or focus term |
American fairy tales |
| Source of term |
SNKPHeng |
| 655 #7 - INDEX TERM--GENRE/FORM |
| Genre/form data or focus term |
Author fairy tales |
| Source of term |
SNKPHeng |
| 655 #7 - INDEX TERM--GENRE/FORM |
| Genre/form data or focus term |
Children's literature |
| Source of term |
SNKPHeng |
| 700 1# - ADDED ENTRY--PERSONAL NAME |
| Personal name |
Wankeová, Jarmila |
| Relationship |
trl |
| 710 2# - ADDED ENTRY--CORPORATE NAME |
| Corporate name or jurisdiction name as entry element |
Disney Enterprises |
| Relationship |
pbl |
| 942 ## - ADDED ENTRY ELEMENTS (KOHA) |
| Source of classification or shelving scheme |
Dewey Decimal Classification |
| Koha item type |
Krásna literatúra pre deti |
| Suppress in OPAC |
No |
| 949 ## - LOCAL PROCESSING INFORMATION (OCLC) |
| 6 |
17A1470213 |
| a |
snkSB 97932 |
| b |
snk2022/4099 |
| o |
17/22 - em |
| s |
6100:20221221 |
| 949 ## - LOCAL PROCESSING INFORMATION (OCLC) |
| 6 |
4710710095 |
| a |
strmkM |
| b |
strmk2013/10095 |
| 949 ## - LOCAL PROCESSING INFORMATION (OCLC) |
| 6 |
3869A09904 |
| a |
bpksh821.111(73)-34 |
| b |
bpksh57413 |